MARC

Tag First Indicator Second Indicator Subfields
LEADER 00000cam a2200000 a 4500
001 in00000088603
005 20151008065142.0
008 790814s1977 ruraf 00000 rusm
010 |a  79412517  
015 |a USSR*** 
020 |c 7.70rub 
035 |a (OCoLC)05270871 
035 |9 AAK5444AM 
040 |a DLC  |c TJC  |d TJC  |d TXA  |d UtOrBLW 
041 0 |a rus  |b eng 
049 |a TXAM  |c [1196546] 
050 0 |a ND2769.V64  |b A44 
100 1 |a Alpatov, M. V.  |q (Mikhail Vladimirovich),  |d 1902-1986. 
245 1 0 |a Freski tserkvi Uspeniia na Volotovom pole /  |c tekst M.V. Alpatova ; fotografii L.A. Matsulevicha. 
264 1 |a Moskva :  |b Iskusstvo,  |c 1977. 
300 |a 62 pages, 152 unnumbered pages of plates :  |b illustrations (some color) ;  |c 30 cm. 
336 |a text  |b txt  |2 rdacontent 
337 |a unmediated  |b n  |2 rdamedia 
338 |a volume  |b nc  |2 rdacarrier 
500 |a Added title page : Frescoes of the Church of the Assumption at Volotovo Polye. 
500 |a English and Russian. 
500 |a Russian in Cyrillic script. 
504 |a Includes bibliographical references. 
610 2 0 |a T͡Serkovʹ Uspenii͡a na Volotovom pole (Volotovo, Novgorodskai͡a oblastʹ, Russia) 
650 0 |a Mural painting and decoration, Medieval  |z Russia (Federation) 
650 0 |a Mural painting and decoration, Russian  |z Russia (Federation) 
700 1 |a Matsulevich, L. A.  |q (Leonid Antonovich),  |d 1886-1959. 
740 0 |a Frescoes of the Church of the Assumption at Volotovo Polye. 
999 |a MARS 
999 f f |s ccc545f8-ca17-3602-b450-72707f1b36cc  |i 3a8c0858-092d-38e3-8548-ba8de906bc31  |t 0 
952 f f |p ric  |a Texas A&M University  |b Rellis Campus  |c Joint Library Facility  |d Remote Storage  |t 0  |e ND2769.V64 A44  |h Library of Congress classification  |i unmediated -- volume  |m A14806170282 
998 f f |a ND2769.V64 A44  |t 0  |l Remote Storage